Carregant...
HANDBOOK OF PHOTOCHEMISTRY/
| Autor principal: | |
|---|---|
| Format: | Printed Book |
| Publicat: |
JAIPUR:
AGROTECH PRESS,
2018.
|
| Matèries: |
| LEADER | 00524nam a2200157 4500 | ||
|---|---|---|---|
| 999 | |c 123603 |d 123603 | ||
| 020 | |a 9788193470459 | ||
| 082 | |a 541.35 KUM/H | ||
| 100 | |a KUMAR,UDAY | ||
| 245 | |a HANDBOOK OF PHOTOCHEMISTRY/ |c Uday Kumar. | ||
| 260 | |a JAIPUR: |b AGROTECH PRESS, |c 2018. | ||
| 300 | |a 264 | ||
| 500 | |a RECOMMENDED BY DR.SUNEESH CV | ||
| 650 | |a HANDBOOK OF PHOTOCHEMISTRY | ||
| 942 | |c TB | ||
| 952 | |0 0 |1 0 |4 0 |6 541_350000000000000_KUM_H |7 0 |9 137065 |a CHE |b CHE |g 1950.00 |l 0 |o 541.35 KUM/H |p CHE4932 |r 2019-10-15 |w 2019-10-15 |y TB | ||